| Tag |
First Indicator |
Second Indicator |
Subfields |
| LEADER |
00000cam a2200000 4500 |
| 001 |
in00000061201 |
| 005 |
20151008051635.0 |
| 008 |
800507s1913 wiu f 00010 eng |
| 010 |
|
|
|a 13024158
|
| 035 |
|
|
|a (OCoLC)06292581
|
| 035 |
|
|
|9 AAG9126AM
|
| 037 |
|
|
|c $1.00
|
| 040 |
|
|
|a DLC
|c TXA
|d UtOrBLW
|
| 049 |
|
|
|a TXAM
|c 1 [12060]
|c 2 [8049]
|
| 050 |
|
0 |
|a U110
|b .S8
|
| 092 |
|
|
|a 355.1
|b S851m
|
| 100 |
1 |
|
|a Stewart, M. B.
|q (Merch Bradt)
|
| 245 |
1 |
0 |
|a Military character, habit, deportment, courtesy and discipline /
|c by Captain M. B. Stewart ...
|
| 264 |
|
1 |
|a [Menasha, Wis.] :
|b [George Banta publishing company],
|c [1913]
|
| 264 |
|
4 |
|c [©1913]
|
| 300 |
|
|
|a 2 pages ., 70 pages ;
|c 21 cm.
|
| 336 |
|
|
|a text
|b txt
|2 rdacontent
|
| 337 |
|
|
|a unmediated
|b n
|2 rdamedia
|
| 338 |
|
|
|a volume
|b nc
|2 rdacarrier
|
| 500 |
|
|
|a "Prepared under the direction of the Academic board of instruction for use in the training school, Massachusetts volunteer militia."
|
| 610 |
1 |
0 |
|a United States.
|b Army
|v Handbooks, manuals, etc.
|
| 999 |
|
|
|a MARS
|
| 999 |
f |
f |
|s eb614a7c-47e2-3ccb-9eae-21cf9f016d89
|i a59004c6-7e16-35d4-90c0-3c90b52ecb06
|t 0
|
| 952 |
f |
f |
|p ric
|a Texas A&M University
|b Rellis Campus
|c Joint Library Facility
|d Remote Storage
|t 0
|e U110 .S8
|h Library of Congress classification
|i unmediated -- volume
|m A14800803659
|
| 998 |
f |
f |
|a U110 .S8
|t 0
|l Remote Storage
|